| 000 | 02746nam2a2200265 4500 | ||
|---|---|---|---|
| 001 | RU\NLR\BIBL_A\022586486 | ||
| 005 | 20250825171152.0 | ||
| 010 |
_a978-5-00261-206-2 _9500 |
||
| 021 |
_aRU _bКН-П-25-030452 _9КН-П-25-3007 |
||
| 035 | _a(NLR Aleph) 022586486 | ||
| 090 |
_a13454281 _c13454281 |
||
| 100 | _a20250716d2025 k y0rusy50 ca | ||
| 101 | 0 |
_arus _aeng |
|
| 102 | _aRU | ||
| 105 | _aa z 100yy | ||
| 200 | 0 | _aТ. 1 | |
| 210 | _d2025 | ||
| 215 |
_a331 с. _cил., табл. |
||
| 300 | _aЧасть текста парал. на рус. и англ. яз. | ||
| 320 | _aБиблиогр. в конце ст. | ||
| 461 | 0 |
_1001RU\NLR\BIBL_A\022586481 _12001#$aIII Международная научно-практическая конференция "Детерминанты развития экономики и общества в условиях глобальных изменений", 24-25 апреля 2025 года$eсборник статей$fФедеральное государственное бюджетное образовательное учреждение высшего образования "Московский государственный университет технологий и управления имени К. Г. Разумовского (Первый казачий университет)", Кафедра финансов, бухгалтерского учета и экономической безопасности [и др.]$vТ. 1 _913691549 _a"Детерминанты развития экономики и общества в условиях глобальных изменений", международная научно-практическая конференция (3 ; 2025 ; Москва) _cМосква _d2025- _fФедеральное государственное бюджетное образовательное учреждение высшего образования "Московский государственный университет технологий и управления имени К. Г. Разумовского (Первый казачий университет)", Кафедра финансов, бухгалтерского учета и экономической безопасности [и др.] _n[б. и.] _oсборник статей _tIII Международная научно-практическая конференция "Детерминанты развития экономики и общества в условиях глобальных изменений", 24-25 апреля 2025 года _vТ. 1 |
|
| 942 | _cBOOK | ||
| 980 | _aNB | ||